| 000 | 00529nam a2200181 a 4500 | ||
|---|---|---|---|
| 005 | 20140310183524.0 | ||
| 008 | 110803s19uu xx 00 eng d | ||
| 020 | _a9780195183450 | ||
| 050 |
_aHV 45 _b.M24 2008 |
||
| 100 | _aMacgowan , Mark J. | ||
| 245 |
_aA guide to evidence-based group work / _cMark J. Macgowan. |
||
| 260 |
_aNew York : _bOxford University Press, _c2008. |
||
| 300 |
_a244 p. : _bill. ; _c23 cm. |
||
| 521 | _aPSYCH | ||
| 650 | _aEvidence-based-Social work. | ||
| 942 |
_cBK _2lcc _kFOR |
||
| 999 |
_c24472 _d24472 |
||